Easiest JetPunk Answers #2 - Statistics

General Stats
  • This quiz has been taken 145 times
  • The average score is 13 of 22
Answer Stats
Quiz Easiest Answer % Correct
Most Common English Words A
98%
US States California
90%
Biggest Countries (Area) Russia
82%
Biggest Countries (Population) China
81%
Fast Food Restaurants McDonalds
81%
World Capitals Paris
80%
Country Flags United States
80%
Harry Potter Last Names Potter
79%
Africa Map Egypt
73%
Greek Alphabet Alpha
71%
40 Historical People George Washington
67%
Countries That Start With B Brazil
65%
7 Deadly Sins Greed
53%
NBA Teams Lakers
50%
Mythical Creatures Unicorn
49%
Most Important People Ever Jesus Christ
46%
Harry Potter Books Harry Potter and the Chamber of Secrets
34%
NFL Teams Patriots
34%
Island Countries New Zealand
33%
Name That Fruit Strawberry
28%
2000's Catchphrases Against Us
7%
Fresh Prince Lyrics Upside Down
4%
No matching quizzes found
Score Distribution
Percent of People with Each Score
Percentile by Number Answered
Your Score History
You have not taken this quiz